| 000 | 00529nam a22001817a 4500 | ||
|---|---|---|---|
| 005 | 20251108175005.0 | ||
| 008 | 250721s2005 xx 000 0 ara d | ||
| 082 | 1 | 4 | _a796.8/عثم |
| 100 | 1 | _aأبو عثمان، أحمد | |
| 245 | 1 | 0 | _aالموسوعة القتالية / |
| 264 | 1 |
_aعمان : _bدار البيت العتيق، _c2005. |
|
| 300 | _a277ص. | ||
| 650 | 1 | 7 | _aالالعاب الرياضية |
| 650 | 1 | 7 | _aالعاب المبارزة |
| 650 | 1 | 7 | _aالملاكمة |
| 942 |
_2ddc _cBK |
||
| 999 |
_c123353 _d123353 |
||